<?xml version="1.0" encoding="UTF-8"?><?xml-stylesheet type="text/xsl" href="static/style.xsl"?><OAI-PMH xmlns="http://www.openarchives.org/OAI/2.0/" xmlns:xsi="http://www.w3.org/2001/XMLSchema-instance" xsi:schemaLocation="http://www.openarchives.org/OAI/2.0/ http://www.openarchives.org/OAI/2.0/OAI-PMH.xsd"><responseDate>2026-04-27T21:45:09Z</responseDate><request verb="GetRecord" identifier="oai:uvadoc.uva.es:10324/27675" metadataPrefix="marc">https://uvadoc.uva.es/oai/request</request><GetRecord><record><header><identifier>oai:uvadoc.uva.es:10324/27675</identifier><datestamp>2021-06-29T19:21:34Z</datestamp><setSpec>com_10324_38</setSpec><setSpec>col_10324_852</setSpec></header><metadata><record xmlns="http://www.loc.gov/MARC21/slim" xmlns:doc="http://www.lyncode.com/xoai" xmlns:xsi="http://www.w3.org/2001/XMLSchema-instance" xmlns:dcterms="http://purl.org/dc/terms/" xsi:schemaLocation="http://www.loc.gov/MARC21/slim http://www.loc.gov/standards/marcxml/schema/MARC21slim.xsd">
<leader>00925njm 22002777a 4500</leader>
<datafield tag="042" ind1=" " ind2=" ">
<subfield code="a">dc</subfield>
</datafield>
<datafield tag="720" ind1=" " ind2=" ">
<subfield code="a">Rognini, Davide</subfield>
<subfield code="e">author</subfield>
</datafield>
<datafield tag="260" ind1=" " ind2=" ">
<subfield code="c">2017</subfield>
</datafield>
<datafield tag="520" ind1=" " ind2=" ">
<subfield code="a">El presente Trabajo de Fin de Grado se estructura en tres grandes apartados. El&#xd;
primero consiste en una introducción en la cual, además de dar una justificación&#xd;
económica al trabajo, se explicará brevemente la paradoja de Feldstein-Horioka&#xd;
y sus implicaciones en la realidad económica, la metodología llevada a cabo para&#xd;
el estudio de la inversión y el ahorro y las finalidades de este estudio.&#xd;
En el segundo apartado se va a explicar desde el punto de vista de la teoría&#xd;
econométrica los posibles problemas a los cuales nos podemos enfrentar a la&#xd;
hora de estudiar series de datos temporales y, sobre todo, los instrumentos a&#xd;
través de los cuales se consiguen solucionar.&#xd;
El tercer y último apartado consiste en el tratamiento y eventual transformación&#xd;
de las series de datos temporales necesarias para el Trabajo y su introducción&#xd;
en los modelos finales de los cuales se obtendrán los resultados que en la&#xd;
conclusión se utilizarán para justificar el cumplimiento o no de la paradoja&#xd;
explicada anteriormente.</subfield>
</datafield>
<datafield tag="024" ind2=" " ind1="8">
<subfield code="a">http://uvadoc.uva.es/handle/10324/27675</subfield>
</datafield>
<datafield ind1=" " ind2=" " tag="653">
<subfield code="a">Ahorro e inversión - Modelos econométricos</subfield>
</datafield>
<datafield tag="245" ind1="0" ind2="0">
<subfield code="a">Análisis empírico de las relaciones entre inversión y ahorro</subfield>
</datafield>
</record></metadata></record></GetRecord></OAI-PMH>